Combating transnational crime : (Record no. 3761)

MARC details
000 -LEADER
fixed length control field 03785cam a22005654a 4500
001 - CONTROL NUMBER
control field ocm45634595
003 - CONTROL NUMBER IDENTIFIER
control field OCoLC
005 - DATE AND TIME OF LATEST TRANSACTION
control field 20180607110503.0
008 - FIXED-LENGTH DATA ELEMENTS--GENERAL INFORMATION
fixed length control field 001220s2001 enk b 001 0 eng
010 ## - LIBRARY OF CONGRESS CONTROL NUMBER
LC control number 00065935
015 ## - NATIONAL BIBLIOGRAPHY NUMBER
National bibliography number GBA132417
Source bnb
020 ## - INTERNATIONAL STANDARD BOOK NUMBER
International Standard Book Number 0714651567
020 ## - INTERNATIONAL STANDARD BOOK NUMBER
International Standard Book Number 9780714651569
020 ## - INTERNATIONAL STANDARD BOOK NUMBER
International Standard Book Number 071468175X
Qualifying information (pbk.)
020 ## - INTERNATIONAL STANDARD BOOK NUMBER
International Standard Book Number 9780714681757
Qualifying information (pbk.)
029 1# - (OCLC)
OCLC library identifier AU@
System control number 000022169415
029 1# - (OCLC)
OCLC library identifier GEBAY
System control number 6492436
029 1# - (OCLC)
OCLC library identifier IG#
System control number 0714651567
029 1# - (OCLC)
OCLC library identifier IG#
System control number 071468175X
029 1# - (OCLC)
OCLC library identifier IG#
System control number 9780714651569
029 1# - (OCLC)
OCLC library identifier IG#
System control number 9780714681757
029 1# - (OCLC)
OCLC library identifier NZ1
System control number 5996723
029 1# - (OCLC)
OCLC library identifier YDXCP
System control number 100239294
029 1# - (OCLC)
OCLC library identifier YDXCP
System control number 100239295
035 ## - SYSTEM CONTROL NUMBER
System control number (OCoLC)45634595
Canceled/invalid control number (OCoLC)47063659
-- (OCoLC)810738517
040 ## - CATALOGING SOURCE
Original cataloging agency DLC
Language of cataloging eng
Transcribing agency DLC
Modifying agency UKM
-- CVM
-- BAKER
-- NLGGC
-- IG#
-- BTCTA
-- YDXCP
-- OCLCG
-- GEBAY
-- BDX
-- BEDGE
-- OCLCQ
-- OCLCO
042 ## - AUTHENTICATION CODE
Authentication code pcc
049 ## - LOCAL HOLDINGS (OCLC)
Holding library TZAA
050 00 - LIBRARY OF CONGRESS CALL NUMBER
Classification number HV6252
Item number .C65
082 00 - DEWEY DECIMAL CLASSIFICATION NUMBER
Classification number 364.1
Edition number 21
245 00 - TITLE STATEMENT
Title Combating transnational crime :
Remainder of title concepts, activities, and responses /
Statement of responsibility, etc edited by Phil Williams, Dimitri Vlassis.
260 ## - PUBLICATION, DISTRIBUTION, ETC. (IMPRINT)
Place of publication, distribution, etc London ;
-- Portland, OR :
Name of publisher, distributor, etc Frank Cass,
Date of publication, distribution, etc 2001.
300 ## - PHYSICAL DESCRIPTION
Extent 390 pages ;
Dimensions 23 cm
500 ## - GENERAL NOTE
General note First appeared as a special issue of Transnational organized crime, vol. 4, nos. 3 & 4, Autumn/Winter 1998.
504 ## - BIBLIOGRAPHY, ETC. NOTE
Bibliography, etc Includes bibliographical references and index.
505 0# - FORMATTED CONTENTS NOTE
Formatted contents note Introduction and overview / Phil Williams and Dimitri Vlassis -- The dynamics of illegal markets / Pino Arlacchi -- Transnational crime : definitions and concepts / Gerhard O.W. Mueller -- Globalization and transnational crime : effects of criminogenic asymmetries / Nikos Passas -- Organizing transnational crime : networks, markets and hierarchies / Phil Williams -- Criminal fraternities or criminal enterprises? / Letizia Paoli -- Organized crime and ethnic minorities : is there a link? / Frank Bovenkerk -- Transnational Chinese organized crime activities : patterns and emerging trends / Ko-Lin Chin, Sheldon Zhang and Robert J. Kelly -- Maritime fraud and piracy / Jayant Abhyankar -- Crime in cyberspace / P.N. Grabosky -- The rise of the modern arms black market and the fall of supply-side control / R.T. Naylor -- Trafficking and sexual exploitation of women and children / Livia Pomodoro -- Trafficking in people : the human rights dimension / Office of the High Commissioner for Human Rights (OHCHR) -- Money laundering in Italy / Alessandro Pansa -- Strengthening the international legal system in order to combat transnational crime / Giuseppe di Gennaro -- Responding to transnational crime / Raymond E. Kendall -- Transnational organized crime and institutional reform in the European Union : the case of judicial cooperation / Cyrille Fijnaut -- Responding to transnational crime -- the role of Europol / Emanuele Marotta -- International Atomic Energy Agency programme against illicit trafficking of nuclear materials and radioactive sources / Anita Nillson -- Strengthening cooperation against transnational crime : a new security imperative / Roy Godson and Phil Williams -- Drafting the United Nations Convention against transnational organized crime / Dimitri Vlassis.
650 #0 - SUBJECT ADDED ENTRY--TOPICAL TERM
Topical term or geographic name as entry element Transnational crime.
650 #0 - SUBJECT ADDED ENTRY--TOPICAL TERM
Topical term or geographic name as entry element Transnational crime
General subdivision Prevention
-- International cooperation.
650 #7 - SUBJECT ADDED ENTRY--TOPICAL TERM
Topical term or geographic name as entry element Coopération
Source of heading or term eclas
650 #7 - SUBJECT ADDED ENTRY--TOPICAL TERM
Topical term or geographic name as entry element Coopération internationale
Source of heading or term eclas
650 #7 - SUBJECT ADDED ENTRY--TOPICAL TERM
Topical term or geographic name as entry element Crime organisé.
Source of heading or term eclas
650 #7 - SUBJECT ADDED ENTRY--TOPICAL TERM
Topical term or geographic name as entry element UE/CE JAI = Justice et affaires intérieures.
Source of heading or term eclas
650 #7 - SUBJECT ADDED ENTRY--TOPICAL TERM
Topical term or geographic name as entry element UE/CE Europol.
Source of heading or term eclas
650 #7 - SUBJECT ADDED ENTRY--TOPICAL TERM
Topical term or geographic name as entry element AIEA.
Source of heading or term eclas
650 #7 - SUBJECT ADDED ENTRY--TOPICAL TERM
Topical term or geographic name as entry element Etudes de cas.
Source of heading or term eclas
9 (RLIN) 17349
700 1# - ADDED ENTRY--PERSONAL NAME
Personal name Williams, Phil,
Dates associated with a name 1948-
700 1# - ADDED ENTRY--PERSONAL NAME
Personal name Vlassis, Dimitri.
856 42 - ELECTRONIC LOCATION AND ACCESS
Materials specified Publisher description
Uniform Resource Identifier <a href="http://catdir.loc.gov/catdir/enhancements/fy0652/00065935-d.html">http://catdir.loc.gov/catdir/enhancements/fy0652/00065935-d.html</a>
942 ## - ADDED ENTRY ELEMENTS (KOHA)
Source of classification or shelving scheme Library of Congress Classification
Koha item type Books
Holdings
Home library Current library Date acquired Full call number Barcode Koha item type
African Court on Human and Peoples' Rights Library African Court on Human and Peoples' Rights Library 07/06/2018 HV6252 .C65 10222316 Books
African Court on Human and Peoples' Rights Library African Court on Human and Peoples' Rights Library 07/06/2018 HV6252 .C65 10222308 Books

African Court on Human and Peoples' Rights | For Inquiries Contact » +255 272 510 510